Markell and Voge's medical parasitology / (Record no. 13495)
[ view plain ]
| 000 -LEADER | |
|---|---|
| fixed length control field | 01162cam a2200349 a 4500 |
| 001 - CONTROL NUMBER | |
| control field | 3661395 |
| 003 - CONTROL NUMBER IDENTIFIER | |
| control field | OSt |
| 005 - DATE AND TIME OF LATEST TRANSACTION | |
| control field | 20140310182439.0 |
| 008 - FIXED-LENGTH DATA ELEMENTS--GENERAL INFORMATION | |
| fixed length control field | 051104s2006 mouabc b 001 0 eng |
| 020 ## - INTERNATIONAL STANDARD BOOK NUMBER | |
| International Standard Book Number | 9789812728401 |
| 020 ## - INTERNATIONAL STANDARD BOOK NUMBER | |
| International Standard Book Number | 9812728406 (hc) |
| 035 ## - SYSTEM CONTROL NUMBER | |
| System control number | (CaONFJC)4937881 |
| 040 ## - CATALOGING SOURCE | |
| Original cataloging agency | UKM |
| Transcribing agency | UKM |
| Modifying agency | COU |
| -- | BAKER |
| -- | OCLCQ |
| -- | CaONFJC |
| -- | UtOrBLW |
| 050 ## - LIBRARY OF CONGRESS CALL NUMBER | |
| Classification number | RC 119 |
| Item number | .J65 2010 |
| 100 1# - MAIN ENTRY--PERSONAL NAME | |
| Personal name | John, David T. |
| 9 (RLIN) | 7739 |
| 245 10 - TITLE STATEMENT | |
| Title | Markell and Voge's medical parasitology / |
| Statement of responsibility, etc | David T. John, William A. Petri, Jr. |
| 246 30 - VARYING FORM OF TITLE | |
| Title proper/short title | Medical parasitology |
| 250 ## - EDITION STATEMENT | |
| Edition statement | 9th ed. |
| 260 ## - PUBLICATION, DISTRIBUTION, ETC. (IMPRINT) | |
| Place of publication, distribution, etc | St. Louis, Mo. : |
| Name of publisher, distributor, etc | Saunders Elsevier, |
| Date of publication, distribution, etc | c2010. |
| 300 ## - PHYSICAL DESCRIPTION | |
| Extent | 463 p. : |
| Other physical details | ill. (some col.) ; |
| Dimensions | 27 cm. |
| 650 12 - SUBJECT ADDED ENTRY--TOPICAL TERM | |
| Topical term or geographic name as entry element | Parasites. |
| 9 (RLIN) | 7740 |
| 650 22 - SUBJECT ADDED ENTRY--TOPICAL TERM | |
| Topical term or geographic name as entry element | Parasitic Diseases. |
| 9 (RLIN) | 7741 |
| 700 1# - ADDED ENTRY--PERSONAL NAME | |
| Personal name | Petri, William A. |
| 9 (RLIN) | 7742 |
| 700 1# - ADDED ENTRY--PERSONAL NAME | |
| Personal name | Markell, Edward K. |
| 9 (RLIN) | 7743 |
| 700 1# - ADDED ENTRY--PERSONAL NAME | |
| Personal name | Voge, Marietta, |
| Dates associated with a name | 1918-1984. |
| 9 (RLIN) | 7744 |
| 700 1# - ADDED ENTRY--PERSONAL NAME | |
| Personal name | Markell, Edward K. |
| Title of a work | Markell and Voge's medical parasitology. |
| 9 (RLIN) | 7745 |
| 942 ## - ADDED ENTRY ELEMENTS (KOHA) | |
| Source of classification or shelving scheme | Library of Congress Classification |
| Koha item type | |
| 949 ## - LOCAL PROCESSING INFORMATION (OCLC) | |
| a | Firm |
| b | 2429000-35 |
| c | 50.36 |
| d | 1 |
| i | 10259942 |
| j | USD |
| p | 39424053684566 |
| r | 4937881 |
| t | Book |
| Withdrawn status | Lost status | Source of classification or shelving scheme | Damaged status | Home library | Current library | Shelving location | Date acquired | Total Checkouts | Total Renewals | Full call number | Barcode | Date last seen | Date checked out | Copy number | Price effective from | Koha item type |
|---|---|---|---|---|---|---|---|---|---|---|---|---|---|---|---|---|
| Library of Congress Classification | South SEED-LPDH College Library | South SEED-LPDH College Library | South SEED-LPDH College Section | 03/11/2013 | 3 | 16 | RC 119 .J65 2010 | SSLC1022 | 05/15/2018 | 09/22/2015 | 1 | 11/06/2013 | Books | |||
| Library of Congress Classification | South SEED-LPDH College Library | South SEED-LPDH College Library | South SEED-LPDH College Section | 08/12/2013 | RC 119 .J65 2010 | SSLC1023 | 05/15/2018 | 2 | 08/12/2013 | Books | ||||||
| Library of Congress Classification | South SEED-LPDH College Library | South SEED-LPDH College Library | South SEED-LPDH College Section | 08/12/2013 | 3 | RC 119 .J65 2010 | SSLC0242 | 05/15/2018 | 07/01/2016 | 3 | 08/12/2013 | Books |